[Event "St Veit op 38th"]
[Site "St Veit"]
[Date "2019.07.07"]
[Round "2"]
[White "Sandhoefner, Florian"]
[Black "Titz, Heimo"]
[Result "1-0"]
[WhiteElo "2319"]
[BlackElo "2048"]
[PlyCount "38"]
[EventDate "2019.07.06"]
[EventType "swiss"]
[EventRounds "9"]
[EventCountry "AUT"]
[SourceTitle "EXT 2020"]
[Source "ChessBase"]
[SourceDate "2019.10.17"]
[SourceVersion "1"]
[SourceVersionDate "2019.10.17"]
[SourceQuality "1"]

1. e4 c5 2. Nf3 e6 3. d4 cxd4 4. Nxd4 Nc6 5. Nc3 Qc7 6. Be2 Nf6 7. 0-0 a6 8. Kh1 b5 9. f4 b4 10. e5 bxc3 11. exf6 Nxd4 12. Qxd4 gxf6 13. Qxf6 Rg8 14. Qxc3 Qxc3 15. bxc3 Bb7 16. Bf3 Bxf3 17. Rxf3 Bg7 18. Rb1 Ke7 19. Ba3+ Kf6 1-0

[Event "AUT-chT2M 1718"]
[Site "Austria"]
[Date "2017.11.24"]
[Round "4.4"]
[White "Titz, Heimo"]
[Black "Halvax, Georg"]
[Result "0-1"]
[WhiteElo "2144"]
[BlackElo "2419"]
[PlyCount "106"]
[EventDate "2017.10.27"]
[EventType "team-tourn"]
[EventRounds "11"]
[EventCountry "AUT"]
[SourceTitle "CBM 181 Extra"]
[Source "ChessBase"]
[SourceDate "2017.12.12"]
[SourceVersion "1"]
[SourceVersionDate "2017.12.12"]
[SourceQuality "1"]
[WhiteTeam "Die Klagenfurter"]
[BlackTeam "Maria Saal II"]
[WhiteTeamCountry "AUT"]
[BlackTeamCountry "AUT"]

1. Nf3 Nf6 2. c4 b6 3. g3 Bb7 4. Bg2 g6 5. b3 Bg7 6. Bb2 0-0 7. 0-0 c5 8. d4 cxd4 9. Nxd4 Bxg2 10. Kxg2 d5 11. cxd5 Qxd5+ 12. Nf3 Qb7 13. Nbd2 Nc6 14. a3 Rfd8 15. Rc1 Rac8 16. Rc2 e5 17. Qa1 Ne8 18. Rfc1 f6 19. b4 Ne7 20. Rxc8 Rxc8 21. Qa2+ Kf8 22. Rxc8 Qxc8 23. Qc4 Nd6 24. Qxc8+ Nexc8 25. e4 Ke7 26. Kf1 Ke6 27. Ke2 Ne7 28. Kd3 Bh6 29. Nc4 Nxe4 30. Kxe4 f5+ 31. Kd3 e4+ 32. Ke2 exf3+ 33. Kxf3 Kd5 34. Ne3+ Bxe3 35. Kxe3 Kc4 36. Kf4 Kb3 37. Bc1 Kc2 38. Be3 Nd5+ 39. Ke5 Nxe3 40. fxe3 Kd3 41. Kf4 b5 42. h4 h6 43. h5 gxh5 44. Kf3 a6 45. Kf4 Ke2 46. Kxf5 Kxe3 47. Kg6 Kf3 48. Kxh5 Kxg3 49. Kxh6 Kf4 50. Kg6 Ke5 51. Kf7 Kd5 52. Ke7 Kc4 53. Kd6 Kb3 0-1

[Event "Wch Seniors 65 27th"]
[Site "Acqui Terme"]
[Date "2017.11.08"]
[Round "2"]
[White "Okhotnik, Vladimir"]
[Black "Titz, Heimo"]
[Result "1-0"]
[WhiteElo "2434"]
[BlackElo "2144"]
[PlyCount "67"]
[EventDate "2017.11.07"]
[EventType "swiss"]
[EventRounds "11"]
[EventCountry "ITA"]
[SourceTitle "CBM 181 Extra"]
[Source "ChessBase"]
[SourceDate "2017.12.12"]
[SourceVersion "1"]
[SourceVersionDate "2017.12.12"]
[SourceQuality "1"]

1. e4 c5 2. b3 d6 3. Bb2 Nc6 4. Bb5 Bd7 5. Nf3 a6 6. Bxc6 Bxc6 7. d4 cxd4 8. Nxd4 e6 9. Nxc6 bxc6 10. c4 Nf6 11. Nc3 Be7 12. 0-0 0-0 13. Qf3 Qc7 14. Rfd1 Rfd8 15. Rac1 Rac8 16. Na4 Qb7 17. e5 dxe5 18. Bxe5 Rxd1+ 19. Rxd1 Rd8 20. Rxd8+ Bxd8 21. g3 Be7 22. Bxf6 gxf6 23. Qg4+ Kf8 24. Qd4 Qb4 25. Qe4 c5 26. Qxh7 Bd6 27. Qh6+ Ke7 28. Qe3 f5 29. h4 f4 30. gxf4 Qb8 31. Nxc5 Qg8+ 32. Kf1 Qg4 33. Ne4 Qd1+ 34. Kg2 1-0

[Event "AUT-chT2M 1617"]
[Site "Austria"]
[Date "2017.01.29"]
[Round "8.2"]
[White "Mostbauer, Maximilian"]
[Black "Titz, Heimo"]
[Result "1/2-1/2"]
[WhiteElo "2119"]
[BlackElo "2163"]
[PlyCount "104"]
[EventDate "2016.10.07"]
[EventType "team-tourn"]
[EventRounds "11"]
[EventCountry "AUT"]
[SourceTitle "CBM 177 Extra"]
[Source "ChessBase"]
[SourceDate "2017.04.27"]
[SourceVersion "1"]
[SourceVersionDate "2017.04.27"]
[SourceQuality "1"]
[WhiteTeam "Ansfelden"]
[BlackTeam "Die Klagenfurter"]
[WhiteTeamCountry "AUT"]
[BlackTeamCountry "AUT"]

1. d4 Nf6 2. Nf3 e6 3. c4 b6 4. g3 Ba6 5. b3 Bb7 6. Bg2 Bb4+ 7. Bd2 a5 8. 0-0 d6 9. Nc3 Nbd7 10. Qc2 0-0 11. Rfe1 Bxc3 12. Bxc3 Be4 13. Qb2 Qb8 14. Bf1 b5 15. cxb5 Qxb5 16. Nd2 a4 17. f3 Bg6 18. e4 Qb7 19. b4 Nb6 20. a3 d5 21. Bg2 Rfc8 22. Rac1 c6 23. Qc2 Ne8 24. Bb2 Nd6 25. Bf1 Nd7 26. Kg2 Nb5 27. Nb1 Nb6 28. Qf2 Nd6 29. Nd2 Nd7 30. Bd3 Nb5 31. Rc2 Nd6 32. Qe2 Nb6 33. Rec1 Nd7 34. h4 Nb6 35. Kh2 Nd7 36. Kg2 Nf8 37. Rh1 h6 38. Rhc1 Nd7 39. Kh2 Nf8 40. Kg2 Nd7 41. Kh2 Nf8 42. Nf1 Nd7 43. exd5 Bxd3 44. Qxd3 cxd5 45. Ne3 Rxc2+ 46. Rxc2 Rc8 47. Bc1 Rxc2+ 48. Qxc2 Nb6 49. Qc5 Nbc4 50. Ng4 h5 51. Ne5 Nxe5 52. dxe5 Nc4 1/2-1/2

[Event "Wch Seniors 65 26th"]
[Site "Marianske Lazne"]
[Date "2016.11.29"]
[Round "10"]
[White "Hastik, Svatopluk"]
[Black "Titz, Heimo"]
[Result "1/2-1/2"]
[WhiteElo "2023"]
[BlackElo "2189"]
[PlyCount "109"]
[EventDate "2016.11.19"]
[EventType "swiss"]
[EventRounds "11"]
[EventCountry "CZE"]
[SourceTitle "CBM 175 Extra"]
[Source "ChessBase"]
[SourceDate "2016.12.12"]
[SourceVersion "1"]
[SourceVersionDate "2016.12.12"]
[SourceQuality "1"]

1. d4 Nf6 2. c4 e6 3. Nc3 Bb4 4. Bd2 0-0 5. Nf3 b6 6. e3 Bb7 7. Bd3 d6 8. a3 Bxc3 9. Bxc3 Nbd7 10. 0-0 c5 11. Re1 Be4 12. Ng5 Bxd3 13. Qxd3 h6 14. Nh3 d5 15. f3 Rc8 16. cxd5 exd5 17. dxc5 Nxc5 18. Qd1 Ne6 19. Re2 Re8 20. Nf2 Qe7 21. Nd3 Red8 22. Rc1 Rd7 23. Be5 Rc4 24. Rc3 Rxc3 25. Bxc3 Qd8 26. Bd4 Nxd4 27. exd4 Rc7 28. Rc2 Qc8 29. Rxc7 Qxc7 30. Ne5 g6 31. Qd2 Kg7 32. g3 h5 33. Kg2 Qc8 34. h3 Qc7 35. Kf2 Nd7 36. Nxd7 Qxd7 37. Kg2 Qf5 38. g4 hxg4 39. hxg4 Qb1 40. Qe2 Kf8 41. Qd2 Kg7 42. Qe2 Kf8 43. Qd2 Qa2 44. Kg3 Qc4 45. Qf4 Kg7 46. Qe5+ Kf8 47. g5 Kg8 48. Qf6 Qc7+ 49. Kg4 Qd7+ 50. Kf4 Qc7+ 51. Qe5 Qc1+ 52. Qe3 Qc7+ 53. Qe5 Qc1+ 54. Qe3 Qc7+ 55. Qe5 1/2-1/2

[Event "Wch Seniors 65 26th"]
[Site "Marianske Lazne"]
[Date "2016.11.19"]
[Round "1"]
[White "Titz, Heimo"]
[Black "Patola, Eero"]
[Result "1-0"]
[WhiteElo "2189"]
[BlackElo "1862"]
[PlyCount "103"]
[EventDate "2016.11.19"]
[EventType "swiss"]
[EventRounds "11"]
[EventCountry "CZE"]
[SourceTitle "CBM 175 Extra"]
[Source "ChessBase"]
[SourceDate "2016.12.12"]
[SourceVersion "1"]
[SourceVersionDate "2016.12.12"]
[SourceQuality "1"]

1. c4 c5 2. Nf3 Nf6 3. Nc3 Nc6 4. g3 g6 5. Bg2 Bg7 6. d4 cxd4 7. Nxd4 a6 8. 0-0 0-0 9. b3 Qa5 10. Bb2 Ne8 11. Nd5 Qd8 12. Qd2 e5 13. Nc2 d6 14. Rad1 Rb8 15. Ba3 Bf5 16. Nde3 Bh6 17. Bxc6 bxc6 18. Bxd6 Nxd6 19. Qxd6 Bh3 20. Qxd8 Rfxd8 21. Rxd8+ Rxd8 22. Rd1 Rxd1+ 23. Nxd1 Bd2 24. f3 Bf5 25. e4 Be6 26. Kf2 a5 27. Ke2 Bg5 28. Nc3 Be7 29. Na4 h5 30. Ne1 f6 31. Nd3 Kf7 32. Ke3 g5 33. Kf2 Bd6 34. Kg2 f5 35. exf5 Bxf5 36. Nf2 Bb1 37. Ne4 Be7 38. Nac3 Bc2 39. Kf2 Ke6 40. g4 hxg4 41. fxg4 Bd3 42. Kf3 Bf1 43. Na4 Kf7 44. Nac5 Kg6 45. Nd7 a4 46. Nxe5+ Kg7 47. Nxc6 axb3 48. axb3 Bf6 49. Nxf6 Kxf6 50. Nd4 Ke5 51. Ne2 Kd6 52. Ng3 1-0

[Event "AUT-chT2M 1617"]
[Site "Austria"]
[Date "2016.10.08"]
[Round "2.5"]
[White "Titz, Heimo"]
[Black "Hiermann, Dietmar"]
[Result "1-0"]
[WhiteElo "2163"]
[BlackElo "2292"]
[PlyCount "163"]
[EventDate "2016.10.07"]
[EventType "team-tourn"]
[EventRounds "11"]
[EventCountry "AUT"]
[SourceTitle "EXT 2017"]
[Source "ChessBase"]
[SourceDate "2016.10.25"]
[SourceVersion "1"]
[SourceVersionDate "2016.10.25"]
[SourceQuality "1"]
[WhiteTeam "Die Klagenfurter"]
[BlackTeam "Sauwald"]
[WhiteTeamCountry "AUT"]
[BlackTeamCountry "AUT"]

1. c4 e5 2. Nc3 Nf6 3. g3 Nc6 4. Bg2 Bc5 5. e3 a6 6. Nge2 d6 7. 0-0 0-0 8. d4 Ba7 9. b3 Re8 10. h3 h6 11. d5 Ne7 12. e4 Ng6 13. Qd3 Nh7 14. Be3 Bxe3 15. Qxe3 Qe7 16. b4 Bd7 17. Rab1 b6 18. Rfd1 Reb8 19. Rb2 Nf6 20. Rdb1 a5 21. a3 axb4 22. axb4 Ra3 23. Rb3 Rxb3 24. Rxb3 Ra8 25. Qc1 Qd8 26. Ra3 Ne8 27. h4 Ne7 28. Qa1 Rxa3 29. Qxa3 f5 30. exf5 Nxf5 31. Ne4 Nf6 32. Qd3 Nxe4 33. Bxe4 Ne7 34. Qa3 Bf5 35. Qd3 Bd7 36. f4 Qa8 37. fxe5 Qa1+ 38. Kf2 Qxe5 39. Qd4 Qh5 40. Bf3 Qg6 41. c5 bxc5 42. bxc5 Bb5 43. cxd6 cxd6 44. Qe4 Qxe4 45. Bxe4 Bxe2 46. Kxe2 Kf7 47. Ke3 Kf6 48. Kf4 g6 49. Bg2 Nf5 50. Be4 Ng7 51. Bf3 Nf5 52. Be4 Nd4 53. Bd3 Nb3 54. Bb5 Nc5 55. Be2 g5+ 56. hxg5+ hxg5+ 57. Kg4 Nd7 58. Kh5 Ne5 59. Ba6 Nf3 60. Bc8 Nd2 61. Kg4 Nc4 62. Be6 Kg6 63. Bf5+ Kf6 64. Be6 Kg6 65. Bf5+ Kh6 66. Be6 Ne3+ 67. Kf3 Nd1 68. Kg4 Kg6 69. Bf5+ Kf6 70. Be6 Nc3 71. Bg8 Nb5 72. Be6 Nc7 73. Bg8 Nb5 74. Be6 Nd4 75. Bd7 Nc2 76. Be6 Ne3+ 77. Kf3 Nf5 78. Kg4 Nd4 79. Bg8 Kg6 80. Be6 Nc2 81. Bf5+ Kf6 82. Bxc2 1-0